|
|
|
|
| LEADER |
00000nam0a2200000 4500 |
| 001 |
306616 |
| 005 |
20231102001918.0 |
| 035 |
|
|
|a (RuTPU)RU\TPU\book\331893
|
| 090 |
|
|
|a 306616
|
| 100 |
|
|
|a 20151009d1982 km y0rusy50 ca
|
| 101 |
0 |
|
|a rus
|
| 102 |
|
|
|a RU
|
| 105 |
|
|
|a a z 001zy
|
| 200 |
1 |
|
|a Стохастические модели в инженерной гидрологии
|f С. В. Музылев, В. Е. Привальский, Д. Я. Раткович
|
| 210 |
|
|
|a Москва
|c Наука
|d 1982
|
| 215 |
|
|
|a 184 с.
|c ил.
|
| 320 |
|
|
|a Библиогр.: с. 178-182
|
| 606 |
1 |
|
|a Инженерная гидрология
|2 stltpush
|3 (RuTPU)RU\TPU\subj\12574
|9 39337
|
| 610 |
1 |
|
|a стохастические модели
|
| 610 |
1 |
|
|a стоки рек
|
| 610 |
1 |
|
|a колебания
|
| 610 |
1 |
|
|a гидрогеологические ряды
|
| 610 |
1 |
|
|a гидрогеологические режимы
|
| 610 |
1 |
|
|a внутренние моря
|
| 610 |
1 |
|
|a озера
|
| 610 |
1 |
|
|a соленость
|
| 610 |
1 |
|
|a прогнозы
|
| 675 |
|
|
|a 624.131.6
|v 4
|
| 700 |
|
1 |
|a Музылев
|b С. В.
|g Сергей Васильевич
|
| 701 |
|
1 |
|a Привальский
|b В. Е.
|g Виктор Евсеевич
|
| 701 |
|
1 |
|a Раткович
|b Д. Я.
|g Даниил Николаевич
|
| 712 |
0 |
2 |
|a Академия наук СССР (АН СССР)
|b Институт водных проблем (ИВП)
|c (Москва)
|2 stltpush
|3 (RuTPU)RU\TPU\col\11860
|
| 801 |
|
1 |
|a RU
|b 63413507
|c 20151009
|
| 801 |
|
2 |
|a RU
|b 63413507
|c 20191114
|g RCR
|
| 942 |
|
|
|c BK
|